000 01107nam a22003377a 4500
003 CHAP
005 20220817043002.0
008 971013s1997 r 00010 d
010 _a61923
011 _a62895
035 _a67071
040 _cCHAP
090 _aTesis
100 0 0 _aOlivar Hernández, Sinoé.
_983035
245 _aPronóstico de heladas en Chapingo, México
_b: determinación del modelo
260 _aChapingo, Méx. :
_bEl autor,
_c1997
300 _a103 h.
_b: gráfs.
502 _aTesis (Ing. Agr. Esp. en Irrigación) -- UACH. Departamento de Irrigación
590 _aALEPH
_b10
_c20130110
_lUCH01
_h1344
590 _aBATCH-UPD
_b10
_c20130110
_lUCH01
_h1441
590 _aBATCH-UPD
_b10
_c20130410
_lUCH01
_h0913
590 _aBATCH-UPD
_b10
_c20130914
_lUCH01
_h1604
590 _aCONVERSION
_b10
_c20130109
_lUCH01
_h1333
650 1 4 _aHeladas.
_953392
650 1 4 _aMeteorología.
650 1 4 _aTemperatura baja.
_9112233
901 _aBK
942 _cFOLL
949 _bBC
_cTES
_d-152304
_eTS1
_h30928
_i67071
_si
949 _bBC
_cTES
_d33724000682555
_eTS2
_fc.2
_h30929
_i67071
_si
999 _c61923
_d61923